La Nouvelle-Aquitaine de A à Z - Statistiques

Statistiques générales
  • Ce quiz a été pris 43 fois
  • Le résultat moyen est 8 sur 26
Statistiques - réponses
Lettre Questions Réponses % Correct
M Commune qui accueille l'aéroport de Bordeaux Mérignac
82%
O Plus grande île métropolitaine après la Corse Oléron
76%
L Plus grande forêt artificielle d'Europe occidentale, c'est celle des Landes
74%
N 4e place financière de France en terme de flux située dans les Deux-Sèvres Niort
74%
P Plus haute dune d'Europe se situant dans les Landes Pilat
74%
C Eau de vie produite essentiellement en Charente et en Charente-Maritime Cognac
68%
A Ville de la Creuse bien connue pour ses tapisseries Aubusson
53%
D Célèbre film tourné à Rochefort (4 mots) Les Demoiselles de Rochefort
47%
J Ville natale du président François Mitterrand en 1916 Jarnac
45%
H Un festival des cerfs volants se déroule dans cette ville des Landes en octobre Hossegor
34%
Q Equipementier sportif australien disposant d'un site de production dans les Pyrénées-Atlantique Quicksilver
34%
K Argile blanche indispensable à la fabrication de porcelaine Kaolin
32%
B Commune dont dépend le célèbre fort Boyard Boyardville
24%
G Dans les Pyrénées on appelle les torrents de montagne des gaves
24%
R Sénateur de la Vienne de 1995 à 2017, ancien premier ministre (prénom et nom) Jean-Pierre Raffarin
21%
T Films avec Jean Gabin et Louis de Funès tourné en grande partie en Dordogne (2 mots) Le Tatoué
16%
F Vin rouge du vignoble du Libournais Fronsac
13%
I Liqueur traditionnelle basque dont le nom signifie Etoile Izarra
13%
S Cité médiévale inscrite au patrimoine mondial de l'humanité par l'UNESCO Saint-Emilion
13%
Y Saint du Limousin, nommé à l'origine Aredius Yrieix
11%
W Parc d'attraction très fréquenté près d'Agen Walygator
8%
V Film réalisé par Coluche tourné en Dordogne (9 mots) Vous n'aurez pas l'Alsace et la Lorraine
5%
E L'abri de Cro-Magnon qui a donné son nom à une espèce d'homo sapiens se trouve sur la commune d' Eyzies-de-Tayac
3%
U Fleuve côtier qui se jette dans la baie de St Jean de Luz Untxin
0%
X Race de brebis typique du pays basque (2 mots) Xaxi ardia
0%
Z Mouton cuit au feu de bois au Pays Basque Zikiro
0%
Aucun quiz correspondant
Distribution des résultats
% des personnes avec chaque résultat
Percentile par nombre de réponses
Votre historique - résultats
Vous n’avez pas pris ce quiz